000 00332pam a2200157a 44500
008 230515b1963 xxu||||| |||| 00| 0 eng d
020 _aNULL
041 _aENGLISH
082 _a630
100 _a2219-1962
245 _aFEEDS FOR MACHINE TOOLS
250 _a0
260 _aDELHI
_bISI
_c1963
300 _a13
650 _aNULL
999 _c652158
_d652158